|
|
|
|
| LEADER |
00000nab a2200000Ia 4500 |
| 001 |
vtls010857817 |
| 003 |
SK-MaSNL |
| 005 |
20260304013358.0 |
| 008 |
230121|2013 xo |||||||||||||||||slo| |
| 035 |
|
|
|a (urnnbn)urn:nbn:sk:snk:ar-a07nvi
|
| 035 |
|
|
|a urn:nbn:sk:snk-ab6gl9
|
| 035 |
|
|
|a (uuid)e0688def-ed41-4ccc-a8b4-0a45aeb98ec3
|
| 040 |
|
|
|a SNKBUCL
|b slo
|c SNKBUCL
|e AACR2
|
| 041 |
0 |
|
|a slo
|
| 044 |
|
|
|a xo
|c SK
|
| 080 |
|
|
|a (739.4)
|2 2001
|
| 080 |
|
|
|a 796.52
|2 2001
|
| 100 |
1 |
|
|a Varga, Martin
|4 aut
|9 359909
|
| 245 |
1 |
0 |
|a Hra je hra
|c Martin Varga
|
| 650 |
0 |
7 |
|a horolezectvo
|2 SNKPH
|9 1050
|
| 651 |
|
7 |
|a Yosemitský národný park
|2 SNK
|9 1121474
|
| 651 |
|
7 |
|a Kalifornia
|2 SNKPH
|9 56238
|
| 773 |
0 |
|
|t Horolezec : odborný, metodický a informačný časopis Slovenského horolezeckého spolku JAMES
|g Roč. 45, č. 5 (2013), s. 40-41
|
| 954 |
|
|
|a odborná, vedecká literatúra pôvodná (slovenská)
|2 lita
|
| 958 |
|
|
|a OND
|
| 958 |
|
|
|a EUIPO
|
| 958 |
|
|
|a article5
|
| 999 |
|
|
|c 2575585
|d 2577515
|